| 000 | 00745cam a2200193 i 4500 | ||
|---|---|---|---|
| 005 | 20260125095053.0 | ||
| 008 | 250721s1999 ua gr 000 0 ara d | ||
| 020 | _a9771012835 | ||
| 082 | 1 | 4 |
_a345.565 _bب ط ر |
| 100 | 1 |
_aالبطراوي، عبد الوهاب _eمؤلف. |
|
| 245 | 1 | 0 |
_aشرح قانون أصول المحاكمات الجزائية الأردني و قوانين المحاكم الخاصة / _cدكتور عبدالوهاب عمر البطراوى. |
| 264 | 3 | 1 |
_aالقاهرة : _bدار الفكر العربي، _c1999. |
| 300 | _a419 صفحة. | ||
| 650 | 1 | 7 | _aالقانون الجنائي. |
| 650 | 1 | 7 | _aالمحاكمات. |
| 650 | 1 | 7 | _aالأردن. |
| 942 |
_2ddc _cBK |
||
| 999 |
_c27921 _d27921 |
||